Widok standardowy
Widok MARC
Pozycja Genre/Form Term
Liczba rekordów, w których użyto hasła: 1
001 - Numer kontrolny
- control field: 40449
003 - Identyfikator numeru kontrolnego
- control field: NUKAT
005 - Data i czas ostatniej modyfikacji
- control field: 20260423215857.0
008 - Dane kontrolne kodowane (40 znaków)
- fixed length control field: 011120 ||aacnnbaba |a ana |c
010 ## - Numer kontrolny Biblioteki Kongresu
- numer kontrolny LC: m 2019284000
035 ## - Numer systemowy
- numer systemowy: D020485
040 ## - Instytucja sporządzająca rekord
- inst. przygot. dane do rek. khw: DNLM
- inst. modyf. rek. khw: POZN 59
- inst. modyf. rek. khw: KR U/42
072 ## - Kod kategorii przedmiotu
- kod kategorii przedmiotu: V02.
- określnik kodu kategorii przedmiotu: 620
155 ## - Hasło - nazwa rodzaju/formy
- nazwa rodzaju/formy: Akty prawne [Typ publikacji]
455 ## - Trop zob. - nazwa rodzaju/formy
- nazwa rodzaju/formy: Legislation
455 ## - Trop zob. - nazwa rodzaju/formy
- nazwa rodzaju/formy: Przepisy prawne (Typ publikacji)
455 ## - Trop zob. - nazwa rodzaju/formy
- nazwa rodzaju/formy: Zbiór przepisów prawnych (Typ publikacji)
455 ## - Trop zob. - nazwa rodzaju/formy
- nazwa rodzaju/formy: Ustawodawstwo (Typ publikacji)
555 ## - Trop zob. też - nazwa rodz. lub formalna
- nazwa rodzajowa/formalna: Przypadek prawny [Typ publikacji]
555 ## - Trop zob. też - nazwa rodz. lub formalna
- podpole kontrolne: g
- nazwa rodzajowa/formalna: Typy publikacji [Typ publikacji]
670 ## - Źródło informacji
- źródło informacji: MeSH 2008